Functions of completely regular growth

Αποθηκεύτηκε σε:
Λεπτομέρειες βιβλιογραφικής εγγραφής
Κύριος συγγραφέας: Ronkin, L. I. (Lev Isaakovich)
Μορφή: Βιβλίο
Γλώσσα:English
Δημοσίευση: Dordrecht : Boston : Kluwer Academic Publishers, c1992
Σειρά:Mathematics and its applications. Soviet series ; ; 81
Θέματα:
Ετικέτες: Προσθήκη ετικέτας
Δεν υπάρχουν, Καταχωρήστε ετικέτα πρώτοι!

MARC

LEADER 00000cam a2200000 i 4500
001 1/42980
008 941103s1992 eng d
020 |a 0792316770 
035 |l 10041913 
035 |a 1993 
040 |a GR-MY-UA  |b gre  |e aacr 
041 0 |a eng 
082 0 |a 515.98  |2 (20) 
100 1 |a Ronkin, L. I.  |q (Lev Isaakovich) 
245 1 0 |a Functions of completely regular growth /  |c by L.I. Ronkin 
260 |a Dordrecht :   |a Boston :   |b Kluwer Academic Publishers,   |c c1992 
300 |a xii, 392 p.;  |c 25 cm 
490 1 |a Mathematics and its applications. Soviet series  |v ; 81 
504 |a Includes bibliographical references (p. 381-390) and index 
650 0 0 |a Functions of complex variables. 
830 0 |a Mathematics and its applications. Soviet series ;  |v ; 81 
852 |a INST  |b SAMOS  |e 19941103  |h 515.98 RON  |p 005300007350  |q 005300007350  |t BK  |y 0 
909 |a Σ  |b 030426